[Event "Dake Memorial"]
[Site "McMinnville"]
[Date "2004.06.07"]
[Round "3"]
[White "Berry, Jonathan"]
[Black "Harmon, Clark R"]
[Result "1/2-1/2"]
[WhiteElo "2255"]
[BlackElo "2184"]
[PlyCount "64"]
[EventDate "2004.06.05"]
[EventType "tourn"]
[EventRounds "9"]
[EventCountry "USA"]
[EventCategory "3"]
[SourceTitle "CBM 100 Extra"]
[Source "ChessBase"]
[SourceDate "2004.07.06"]
[SourceVersion "2"]
[SourceVersionDate "2004.07.06"]
[SourceQuality "1"]

1. Nf3 Nf6 2. g3 b6 3. Bg2 Bb7 4. 0-0 c5 5. d3 d5 6. Nbd2 e6 7. e4 dxe4 8. Ng5 Nc6 9. Ngxe4 Be7 10. Nxf6+ Bxf6 11. Ne4 Be7 12. Qg4 g6 13. Ng5 h5 14. Qa4 Rc8 15. h4 0-0 16. Re1 Bf6 17. Ne4 Bg7 18. Bg5 Qd4 19. Qxd4 Nxd4 20. Rac1 Rc7 21. c3 Nf5 22. Rcd1 f6 23. Bc1 Rd7 24. Bf1 Rfd8 25. Nd2 Kf7 26. Nc4 Ba6 27. b3 Bb7 28. Nb2 Bf3 29. Be2 Bb7 30. Bf1 Bf3 31. Be2 Bb7 32. Bf1 Bf3 1/2-1/2

[Event "Dake Memorial"]
[Site "McMinnville"]
[Date "2004.06.05"]
[Round "1"]
[White "Berry, Jonathan"]
[Black "Andrianov, Nikolai Ivanovich"]
[Result "1/2-1/2"]
[WhiteElo "2255"]
[BlackElo "2446"]
[PlyCount "45"]
[EventDate "2004.06.05"]
[EventType "tourn"]
[EventRounds "9"]
[EventCountry "USA"]
[EventCategory "3"]
[SourceTitle "CBM 100 Extra"]
[Source "ChessBase"]
[SourceDate "2004.07.06"]
[SourceVersion "2"]
[SourceVersionDate "2004.07.06"]
[SourceQuality "1"]

1. d4 Nf6 2. Nf3 c5 3. d5 g6 4. Nc3 Bg7 5. e4 0-0 6. Be2 d6 7. 0-0 e6 8. dxe6 Bxe6 9. Bf4 d5 10. exd5 Nxd5 11. Nxd5 Bxd5 12. c3 Nc6 13. Qc2 Re8 14. Rfd1 Be4 15. Rxd8 Bxc2 16. Rxa8 Rxa8 17. Bb5 h6 18. Be3 Bf8 19. Bxc6 bxc6 20. Ne5 Rb8 21. b3 Rc8 22. g4 Bg7 23. Nc4 1/2-1/2

[Event "ACP Blitz Prelim1"]
[Site "Playchess.com INT"]
[Date "2004.04.12"]
[Round "2"]
[White "Bartel, Mateusz"]
[Black "Berry, Jonathan"]
[Result "1-0"]
[WhiteElo "2501"]
[BlackElo "2255"]
[PlyCount "63"]
[EventDate "2004.04.12"]
[EventType "tourn (blitz)"]
[EventRounds "17"]
[EventCountry "GER"]
[EventCategory "11"]
[SourceTitle "CBM 099 Extra"]
[Source "ChessBase"]
[SourceDate "2004.05.04"]
[SourceVersion "1"]
[SourceVersionDate "2004.05.04"]
[SourceQuality "1"]

1. g3 g6 2. Bg2 Bg7 3. e4 e5 4. Ne2 Nc6 5. 0-0 Nge7 6. c3 d5 7. exd5 Nxd5 8. d4 exd4 9. Nxd4 Nxd4 10. cxd4 0-0 11. Nc3 Be6 12. Be3 Nxc3 13. bxc3 Bd5 14. a4 Re8 15. Rb1 b6 16. Re1 Bxg2 17. Kxg2 Qd5+ 18. Qf3 Qc4 19. Bf4 c5 20. Be5 Qxa4 21. Re3 Qc4 22. Rbe1 Bxe5 23. dxe5 Rad8 24. h4 h5 25. e6 Rxe6 26. Rxe6 fxe6 27. Qf6 Qd5+ 28. Kg1 Re8 29. Qxg6+ Kf8 30. Qf6+ Kg8 31. Re5 Qd1+ 32. Kh2 1-0

[Event "ACP Blitz Prelim1"]
[Site "Playchess.com INT"]
[Date "2004.04.12"]
[Round "12"]
[White "Berry, Jonathan"]
[Black "Agababean, Naira"]
[Result "1-0"]
[WhiteElo "2255"]
[BlackElo "2216"]
[PlyCount "55"]
[EventDate "2004.04.12"]
[EventType "tourn (blitz)"]
[EventRounds "17"]
[EventCountry "GER"]
[EventCategory "11"]
[SourceTitle "CBM 099 Extra"]
[Source "ChessBase"]
[SourceDate "2004.05.04"]
[SourceVersion "1"]
[SourceVersionDate "2004.05.04"]
[SourceQuality "1"]

1. d4 d5 2. Nf3 Nf6 3. c4 e6 4. cxd5 exd5 5. Nc3 Be7 6. e3 c6 7. Bd3 Nbd7 8. g4 h6 9. Bd2 Nf8 10. h3 Be6 11. Ne5 N8d7 12. f4 Nxe5 13. fxe5 Nd7 14. Qe2 a6 15. 0-0-0 c5 16. Kb1 c4 17. Bc2 b5 18. e4 Nb6 19. exd5 Nxd5 20. Nxd5 Bxd5 21. Rhf1 Qd7 22. Bf5 Be6 23. d5 Bxf5+ 24. gxf5 0-0-0 25. d6 Bg5 26. Ba5 Rde8 27. Bc7 Bf6 28. Qe4 1-0

[Event "ACP Blitz Prelim1"]
[Site "Playchess.com INT"]
[Date "2004.04.12"]
[Round "5"]
[White "Berry, Jonathan"]
[Black "Matveeva, Svetlana"]
[Result "0-1"]
[WhiteElo "2255"]
[BlackElo "2496"]
[PlyCount "66"]
[EventDate "2004.04.12"]
[EventType "tourn (blitz)"]
[EventRounds "17"]
[EventCountry "GER"]
[EventCategory "11"]
[SourceTitle "CBM 099 Extra"]
[Source "ChessBase"]
[SourceDate "2004.05.04"]
[SourceVersion "1"]
[SourceVersionDate "2004.05.04"]
[SourceQuality "1"]

1. e4 e6 2. d4 d5 3. Nd2 Be7 4. Ngf3 Nf6 5. Bd3 c5 6. e5 Nfd7 7. c3 Nc6 8. 0-0 a5 9. Re1 cxd4 10. cxd4 Qb6 11. Qa4 Qb4 12. Bb5 Qxa4 13. Bxa4 Nb6 14. Bb5 Bd7 15. Bxc6 Bxc6 16. b3 a4 17. Bb2 Kd7 18. Rac1 axb3 19. axb3 Ra2 20. Bc3 Bb5 21. h4 h6 22. g4 Rc8 23. h5 Bd3 24. Kg2 Rc6 25. Kg3 Nc8 26. Re3 Bh7 27. Rg1 Na7 28. Ra1 Rxa1 29. Bxa1 Nb5 30. Kf4 Rc2 31. Re1 Bb4 32. Re2 Ra2 33. Nc4 Rxe2 0-1

[Event "ACP Blitz Prelim1"]
[Site "Playchess.com INT"]
[Date "2004.04.12"]
[Round "16"]
[White "Berry, Jonathan"]
[Black "McShane, Luke J"]
[Result "0-1"]
[WhiteElo "2255"]
[BlackElo "2656"]
[PlyCount "96"]
[EventDate "2004.04.12"]
[EventType "tourn (blitz)"]
[EventRounds "17"]
[EventCountry "GER"]
[EventCategory "11"]
[SourceTitle "CBM 099 Extra"]
[Source "ChessBase"]
[SourceDate "2004.05.04"]
[SourceVersion "1"]
[SourceVersionDate "2004.05.04"]
[SourceQuality "1"]

1. e4 c5 2. Nc3 Nc6 3. g3 g6 4. Bg2 Bg7 5. d3 d6 6. Nh3 Nf6 7. 0-0 0-0 8. Be3 Rb8 9. Qd2 b5 10. Bh6 b4 11. Nd1 Nd4 12. Bxg7 Kxg7 13. f4 Qc7 14. Ne3 a5 15. g4 Bxg4 16. Nxg4 Nxg4 17. c3 bxc3 18. bxc3 Nc6 19. Rae1 a4 20. e5 dxe5 21. fxe5 Ngxe5 22. Qf4 Rbc8 23. Ng5 h6 24. Bxc6 hxg5 25. Qxe5+ Qxe5 26. Rxe5 Rxc6 27. Rxe7 Rd6 28. Rf3 g4 29. Rf4 Rxd3 30. Rxg4 a3 31. Ra7 Rxc3 32. Rga4 Rd8 33. Rxa3 Rd1+ 34. Kf2 Rd2+ 35. Ke1 Rxa3 36. Rxa3 Rxh2 37. Rc3 Rxa2 38. Rxc5 f6 39. Kf1 g5 40. Kg1 Kg6 41. Rc6 g4 42. Rb6 Kg5 43. Rc6 f5 44. Rc5 g3 45. Rb5 Kg4 46. Rb4+ f4 47. Rc4 Kh3 48. Kf1 Ra1+ 0-1

[Event "ACP Blitz Prelim1"]
[Site "Playchess.com INT"]
[Date "2004.04.12"]
[Round "8"]
[White "Berry, Jonathan"]
[Black "Pelletier, Yannick"]
[Result "1/2-1/2"]
[WhiteElo "2255"]
[BlackElo "2581"]
[PlyCount "115"]
[EventDate "2004.04.12"]
[EventType "tourn (blitz)"]
[EventRounds "17"]
[EventCountry "GER"]
[EventCategory "11"]
[SourceTitle "CBM 099 Extra"]
[Source "ChessBase"]
[SourceDate "2004.05.04"]
[SourceVersion "1"]
[SourceVersionDate "2004.05.04"]
[SourceQuality "1"]

1. e4 c5 2. Nc3 Nc6 3. g3 g6 4. Bg2 Bg7 5. d3 d6 6. Nh3 e6 7. 0-0 Nge7 8. Be3 0-0 9. Qd2 Nd4 10. Bh6 e5 11. Bxg7 Kxg7 12. f4 f6 13. Nd1 Bxh3 14. Bxh3 exf4 15. gxf4 f5 16. c3 Ndc6 17. Ne3 Kh8 18. exf5 Nxf5 19. Bxf5 gxf5 20. Kh1 Qh4 21. Qf2 Qxf2 22. Rxf2 Rae8 23. Nd5 Re6 24. Kg2 Ne7 25. Nxe7 Rxe7 26. Kf3 Rfe8 27. Rd1 Re3+ 28. Kg2 Rg8+ 29. Kf1 Rg4 30. d4 c4 31. Re1 Re4 32. Rxe4 fxe4 33. d5 Kg7 34. Ke2 Kf6 35. Ke3 Kf5 36. b3 b5 37. bxc4 bxc4 38. a4 Rh4 39. a5 Rh3+ 40. Kd4 Rf3 41. Re2 Rd3+ 42. Kxc4 Kxf4 43. a6 Ke5 44. Rg2 Rd1 45. Rg7 e3 46. Rxa7 Kf6 47. Rxh7 e2 48. Rh6+ Kf5 49. Re6 e1Q 50. Rxe1 Rxe1 51. Kb5 Ke5 52. Kc6 Ra1 53. Kb7 Kxd5 54. a7 Rb1+ 55. Kc7 Ra1 56. Kb7 Rb1+ 57. Kc7 Ra1 58. Kb7 1/2-1/2

[Event "ACP Blitz Prelim1"]
[Site "Playchess.com INT"]
[Date "2004.04.12"]
[Round "1"]
[White "Berry, Jonathan"]
[Black "Volkov, Sergey"]
[Result "0-1"]
[WhiteElo "2255"]
[BlackElo "2629"]
[PlyCount "72"]
[EventDate "2004.04.12"]
[EventType "tourn (blitz)"]
[EventRounds "17"]
[EventCountry "GER"]
[EventCategory "11"]
[SourceTitle "CBM 099 Extra"]
[Source "ChessBase"]
[SourceDate "2004.05.04"]
[SourceVersion "1"]
[SourceVersionDate "2004.05.04"]
[SourceQuality "1"]

1. e4 e6 2. d4 d5 3. Nd2 c5 4. Ngf3 cxd4 5. Nxd4 Nf6 6. exd5 Qxd5 7. c3 a6 8. Qf3 Bc5 9. Bc4 Qxf3 10. N2xf3 b5 11. Bb3 Bb7 12. 0-0 0-0 13. a4 b4 14. Bd2 Rd8 15. Rfd1 Ne4 16. Be1 bxc3 17. Nxe6 Rxd1 18. Rxd1 Nc6 19. Nxc5 Nxc5 20. Bc2 Nb4 21. Bxc3 Nxc2 22. Rc1 Be4 23. Ng5 Bg6 24. g4 Nxa4 25. h4 Nxc3 26. bxc3 h6 27. Nf3 Na3 28. Ne5 Nb5 29. c4 Nd4 30. Kg2 a5 31. Nxg6 fxg6 32. c5 Nc6 33. Kf3 a4 34. Ke4 a3 35. Kd5 Nb4+ 36. Kc4 a2 0-1